[Event "Banff op"]
[Site "Banff CAN"]
[Date "2021.11.12"]
[Round "1.15"]
[White "Xu, Eddie"]
[Black "D'Souza, Carina"]
[Result "1-0"]
[WhiteElo "2208"]
[BlackElo "1771"]
[PlyCount "47"]
[EventDate "2021.11.12"]
[EventType "swiss"]
[EventRounds "6"]
[EventCountry "CAN"]

1. d4 d5 2. c4 e6 3. Nc3 c6 4. e4 dxe4 5. Nxe4 Nf6 6. Nxf6+ Qxf6 7. Nf3 Bb4+ 8.
Bd2 Bxd2+ 9. Qxd2 Nd7 10. O-O-O O-O 11. Bd3 h6 12. Qe3 Re8 13. Rhe1 Qe7 14. g4
Nf6 15. g5 hxg5 16. Nxg5 Ng4 17. Qf4 Nf6 18. Re3 g6 19. Rg1 Rf8 20. Rh3 e5 21.
dxe5 Bxh3 22. exf6 Qd7 23. Qh4 Qxd3 24. Qh7# 1-0

[Event "Banff op"]
[Site "Banff CAN"]
[Date "2021.11.12"]
[Round "1.16"]
[White "Darvekar, Yash"]
[Black "Khodjimatov, Sherzod"]
[Result "1/2-1/2"]
[WhiteElo "1761"]
[BlackElo "2183"]
[PlyCount "110"]
[EventDate "2021.11.12"]
[EventType "swiss"]
[EventRounds "6"]
[EventCountry "CAN"]

1. e4 c5 2. Nf3 g6 3. c3 d5 4. exd5 Qxd5 5. d4 Bg7 6. Be2 cxd4 7. O-O Nf6 8.
Nxd4 O-O 9. Be3 e5 10. Nb5 Na6 11. N1a3 Rd8 12. Bxa7 Bf5 13. Qxd5 Nxd5 14. Rfd1
Nf4 15. Bc4 Bf8 16. Bb6 Rxd1+ 17. Rxd1 Nc5 18. Nd6 Bxd6 19. Rxd6 Na4 20. Nb5
Nxb2 21. Bb3 Kg7 22. Rd2 Nfd3 23. Nd6 Be6 24. c4 Ra6 25. Bc7 Rc6 26. Rc2 Kf8
27. Bb8 Ke7 28. Nxb7 Rb6 29. Bd6+ Rxd6 30. Nxd6 Kxd6 31. a4 Kc5 32. a5 Bc8 33.
Ba2 e4 34. Kf1 Kd4 35. c5 Na4 36. Rc4+ Ke5 37. Rxa4 Ba6 38. Kg1 Nxc5 39. Rb4 f5
40. Bc4 Nd3 41. Ra4 Nb2 42. Bxa6 Nxa4 43. Bb5 Nc3 44. Bc4 Kd6 45. Bg8 h6 46.
Bh7 f4 47. Bxg6 Kc6 48. g4 fxg3 49. fxg3 e3 50. h4 Kb5 51. g4 Nd5 52. Bd3+ Kxa5
53. Kf1 Nf4 54. Be2 Kb4 55. g5 hxg5 1/2-1/2

[Event "Banff op"]
[Site "Banff CAN"]
[Date "2021.11.12"]
[Round "1.17"]
[White "Sequillion, Aaron"]
[Black "Offengenden, Ron"]
[Result "0-1"]
[WhiteElo "2142"]
[BlackElo "1759"]
[PlyCount "66"]
[EventDate "2021.11.12"]
[EventType "swiss"]
[EventRounds "6"]
[EventCountry "CAN"]

1. e4 e5 2. Nc3 Nf6 3. f4 d6 4. Nf3 Bg4 5. h3 Bxf3 6. Qxf3 a6 7. d3 Nc6 8. f5
Nd4 9. Qf2 Be7 10. Be3 Nh5 11. O-O-O Bh4 12. Qd2 Ng3 13. Rg1 c6 14. Ne2 Ndxe2+
15. Bxe2 d5 16. exd5 cxd5 17. d4 Nxf5 18. Kb1 e4 19. Bf4 Ng3 20. Bg4 O-O 21.
Qe3 f5 22. Bxg3 fxg4 23. hxg4 Bxg3 24. Qxg3 Rc8 25. Rh1 Qc7 26. Qb3 Qc4 27.
Qxc4 Rxc4 28. Rh5 Rxd4 29. Rdh1 e3 30. Re5 Re4 31. Rxe4 dxe4 32. Re1 e2 33. Kc1
e3 0-1

[Event "Banff op"]
[Site "Banff CAN"]
[Date "2021.11.12"]
[Round "1.19"]
[White "Chandra, Anand Rishi"]
[Black "Lu, Kevin"]
[Result "1-0"]
[WhiteElo "2138"]
[BlackElo "1709"]
[PlyCount "85"]
[EventDate "2021.11.12"]
[EventType "swiss"]
[EventRounds "6"]
[EventCountry "CAN"]

1. e4 e5 2. Nf3 Nc6 3. Bc4 Bc5 4. c3 Nf6 5. d3 d5 6. exd5 Nxd5 7. O-O O-O 8. h3
Nb6 9. Bb3 Bf5 10. Bc2 Qf6 11. Qe2 Rfe8 12. Nbd2 Rad8 13. Ne4 Bxe4 14. dxe4 Qg6
15. Nh4 Qf6 16. Qg4 Qe6 17. Qg3 Ne7 18. b4 Bd6 19. Bg5 h6 20. Bb3 hxg5 21. Bxe6
gxh4 22. Bxf7+ Kxf7 23. Qxh4 Ng6 24. Qg4 Nd7 25. g3 Rh8 26. Kg2 Nf6 27. Qf3 Rh6
28. Rh1 Ke7 29. Kf1 Rdh8 30. Ke2 Nf8 31. Qe3 b6 32. f3 c5 33. a3 Ne6 34. Rad1
Rxh3 35. Rxh3 Rxh3 36. Qf2 g5 37. Qg2 Rh6 38. Rh1 Nh5 39. Ke3 Kf7 40. Qh3 Rh7
41. Qf5+ Kg7 42. Qxe6 Rh6 43. Qh3 1-0

[Event "Banff op"]
[Site "Banff CAN"]
[Date "2021.11.12"]
[Round "1.20"]
[White "Tran, Tri"]
[Black "Wang, Paul"]
[Result "0-1"]
[WhiteElo "1694"]
[BlackElo "2137"]
[PlyCount "48"]
[EventDate "2021.11.12"]
[EventType "swiss"]
[EventRounds "6"]
[EventCountry "CAN"]

1. d4 d5 2. Bf4 Nf6 3. e3 e6 4. Nf3 c5 5. Nbd2 Nc6 6. c3 Bd6 7. Bg3 O-O 8. Bd3
b6 9. Qe2 Bb7 10. Rd1 Rc8 11. e4 Be7 12. e5 Nh5 13. h4 g6 14. Qe3 cxd4 15. cxd4
Nb4 16. Bb1 Ba6 17. Qh6 Rc2 18. Ng5 Nd3+ 19. Kf1 Bxg5 20. hxg5 Nxe5+ 21. Kg1
Ng4 22. Qxf8+ Kxf8 23. Bxc2 Nxg3 24. fxg3 Qxg5 0-1

[Event "Banff op"]
[Site "Banff CAN"]
[Date "2021.11.12"]
[Round "1.21"]
[White "Booker, Brad"]
[Black "Kowalyk, Tim"]
[Result "1-0"]
[WhiteElo "2123"]
[BlackElo "1690"]
[PlyCount "93"]
[EventDate "2021.11.12"]
[EventType "swiss"]
[EventRounds "6"]
[EventCountry "CAN"]

1. e4 c5 2. Nf3 d6 3. Bb5+ Bd7 4. Qe2 Nc6 5. c3 g6 6. d4 Bg7 7. Be3 b6 8. O-O
Nf6 9. e5 dxe5 10. dxe5 Ng4 11. Bf4 O-O 12. h3 Ngxe5 13. Nxe5 Nxe5 14. Re1 Bxb5
15. Qxb5 Qd7 16. Qxd7 Nxd7 17. Rxe7 Nf6 18. Re2 Rfe8 19. Rxe8+ Rxe8 20. Nd2 Nd5
21. Bg3 f5 22. Kf1 b5 23. Rd1 Nb6 24. Nb1 Na4 25. Rd2 c4 26. Bf4 Nc5 27. Be3
Nd3 28. g3 a6 29. b3 g5 30. bxc4 bxc4 31. Na3 f4 32. Nxc4 fxe3 33. Rxd3 exf2
34. Nd6 Rd8 35. c4 Be5 36. c5 Bxd6 37. cxd6 Rd7 38. Kxf2 Kf7 39. Kf3 h5 40. Ke4
Ke6 41. Rd5 Kf6 42. Rd4 h4 43. g4 Ke6 44. Rd5 Rd8 45. d7 Rxd7 46. Rxd7 Kxd7 47.
Kd5 1-0

[Event "Banff op"]
[Site "Banff CAN"]
[Date "2021.11.12"]
[Round "1.22"]
[White "Ming, Jerry"]
[Black "Yao, Sammy"]
[Result "1/2-1/2"]
[WhiteElo "1684"]
[BlackElo "2062"]
[PlyCount "78"]
[EventDate "2021.11.12"]
[EventType "swiss"]
[EventRounds "6"]
[EventCountry "CAN"]

1. e4 c5 2. c3 Nf6 3. e5 Nd5 4. d4 cxd4 5. cxd4 e6 6. Nf3 b6 7. Nc3 Bb7 8. Bd3
Be7 9. O-O Nxc3 10. bxc3 Qc7 11. Bd2 Nc6 12. Ng5 Bxg5 13. Bxg5 Na5 14. Qc2 h6
15. Bd2 Nc4 16. Be4 Bxe4 17. Qxe4 Rc8 18. Be1 Qc6 19. Qxc6 Rxc6 20. f4 Ne3 21.
Rf3 Nd5 22. g4 h5 23. h3 g6 24. Rb1 hxg4 25. hxg4 Kd8 26. Rb3 Kc7 27. Kg2 Kb7
28. f5 gxf5 29. gxf5 exf5 30. Rb5 Rg8+ 31. Kf1 Nc7 32. Rb2 Rcg6 33. Rxf5 Rg1+
34. Ke2 R8g2+ 35. Bf2 Rh1 36. Rxf7 Kc8 37. Rf8+ Kb7 38. Rf7 Kc8 39. Rf8+ Kb7
1/2-1/2

[Event "Banff op"]
[Site "Banff CAN"]
[Date "2021.11.12"]
[Round "1.23"]
[White "Prince, Colin"]
[Black "Chen, Ricky"]
[Result "1-0"]
[WhiteElo "2007"]
[BlackElo "1654"]
[PlyCount "61"]
[EventDate "2021.11.12"]
[EventType "swiss"]
[EventRounds "6"]
[EventCountry "CAN"]

1. e4 g6 2. d4 Bg7 3. Nf3 c5 4. c3 cxd4 5. cxd4 e6 6. Nc3 d5 7. Bg5 Ne7 8. Qd2
h6 9. Be3 dxe4 10. Nxe4 Nd5 11. Bd3 b6 12. Ne5 Bb7 13. Bb5+ Ke7 14. O-O a6 15.
Ba4 b5 16. Bc2 Nxe3 17. Qxe3 Bxe5 18. dxe5 Qc7 19. Qa3+ Kd8 20. Rfd1+ Bd5 21.
Nd6 Nc6 22. Be4 b4 23. Qg3 Ke7 24. Qf4 Nxe5 25. Nxf7 Bxe4 26. Nxe5 Bd5 27. Rac1
Qd8 28. Nxg6+ Kd7 29. Qf7+ Kd6 30. Nxh8 Qg5 31. Qc7# 1-0

[Event "Banff op"]
[Site "Banff CAN"]
[Date "2021.11.12"]
[Round "1.24"]
[White "Hoekman, Samuel"]
[Black "Yao, David"]
[Result "1/2-1/2"]
[WhiteElo "1622"]
[BlackElo "1998"]
[PlyCount "100"]
[EventDate "2021.11.12"]
[EventType "swiss"]
[EventRounds "6"]
[EventCountry "CAN"]

1. d4 Nf6 2. Bg5 d5 3. Bxf6 exf6 4. e3 c6 5. c3 Bd6 6. g3 Bf5 7. Bd3 Be6 8. Nd2
Qc7 9. c4 dxc4 10. Bxc4 Bf5 11. e4 Bd7 12. f4 O-O 13. Bd3 Qb6 14. Ngf3 Bh3 15.
Rb1 Bg2 16. Rg1 Bxf3 17. Nxf3 Bb4+ 18. Kf1 Nd7 19. e5 Rad8 20. a3 Be7 21. b4
fxe5 22. dxe5 c5 23. bxc5 Qxc5 24. Qc2 Qxa3 25. Kg2 h6 26. Rb3 Qa5 27. Rb5 Qa3
28. Rb3 Rc8 29. Qd1 Qa2+ 30. Kh1 Nc5 31. Rc3 Nxd3 32. Rxd3 Rfd8 33. e6 Qxe6 34.
Re1 Rxd3 35. Qxd3 Qf6 36. Qd7 Qc3 37. Qxb7 Bf6 38. Re2 Rd8 39. Kg2 a5 40. Qb5
Qd3 41. Qxd3 Rxd3 42. Re8+ Kh7 43. Ra8 Ra3 44. Ne5 Bxe5 45. fxe5 Kg6 46. Ra7 h5
47. Kh3 Ra2 48. g4 Ra3+ 49. Kh4 Ra4 50. Ra6+ f6 1/2-1/2

[Event "Banff op"]
[Site "Banff CAN"]
[Date "2021.11.12"]
[Round "1.25"]
[White "Srinivasan, Hemant"]
[Black "Zacharias, Nicholas"]
[Result "0-1"]
[WhiteElo "1993"]
[BlackElo "1591"]
[PlyCount "64"]
[EventDate "2021.11.12"]
[EventType "swiss"]
[EventRounds "6"]
[EventCountry "CAN"]

1. d4 Nf6 2. c4 c5 3. d5 e6 4. Nc3 exd5 5. cxd5 d6 6. e4 g6 7. f4 Bg7 8. Bb5+
Nfd7 9. Nf3 a6 10. Bd3 b5 11. O-O O-O 12. Be3 Re8 13. Bf2 Nf6 14. Bh4 Qb6 15.
h3 Nbd7 16. Bc2 Bb7 17. e5 dxe5 18. fxe5 Nxe5 19. Nxe5 Rxe5 20. Bxf6 Bxf6 21.
Qf3 Kg7 22. g4 Re3 23. Qf4 c4 24. Rf2 Rf8 25. g5 Be5 26. Qh4 Qd4 27. Qh6+ Kg8
28. Rd1 Rg3+ 29. Kf1 Qe3 30. h4 Rh3 31. Ne4 Rh1+ 32. Kg2 Qh3# 0-1

[Event "Banff op"]
[Site "Banff CAN"]
[Date "2021.11.12"]
[Round "1.26"]
[White "Dunne, Eoin"]
[Black "Magnusson, Saul"]
[Result "1-0"]
[WhiteElo "1546"]
[BlackElo "1989"]
[PlyCount "95"]
[EventDate "2021.11.12"]
[EventType "swiss"]
[EventRounds "6"]
[EventCountry "CAN"]

1. e4 e5 2. f4 d5 3. exd5 exf4 4. Nf3 Nf6 5. d4 Nxd5 6. Bd3 g5 7. O-O Bg4 8.
Qe1+ Ne3 9. Bxe3 fxe3 10. Qxe3+ Qe7 11. Qxg5 Bxf3 12. Qxe7+ Bxe7 13. Rxf3 Nd7
14. Re3 Nf6 15. Nd2 Kd8 16. Rae1 Re8 17. Bc4 Ng4 18. R3e2 Nh6 19. Nf3 f6 20.
Bd3 f5 21. Re6 Nf7 22. Bxf5 c5 23. Bxh7 Nh8 24. Bd3 a6 25. d5 c4 26. Bxc4 Bc5+
27. Kh1 Kd7 28. Rxe8 Rxe8 29. Rxe8 Kxe8 30. Bd3 Nf7 31. h4 Ke7 32. g4 Kd6 33.
c4 b5 34. cxb5 axb5 35. Bxb5 Kxd5 36. b3 Ke4 37. Kg2 Nh6 38. g5 Ng4 39. Bc6+
Kf4 40. g6 Ne3+ 41. Kf2 Nf5+ 42. Ke2 Ng3+ 43. Kd3 Nf5 44. Kc4 Bf8 45. a4 Ne7
46. Nd4 Nxg6 47. Ne6+ Kg4 48. Nxf8 1-0

[Event "Banff op"]
[Site "Banff CAN"]
[Date "2021.11.12"]
[Round "1.27"]
[White "Pivovarov, Juraj"]
[Black "Carroll, Billy"]
[Result "1-0"]
[WhiteElo "1987"]
[BlackElo "1236"]
[PlyCount "105"]
[EventDate "2021.11.12"]
[EventType "swiss"]
[EventRounds "6"]
[EventCountry "CAN"]

1. e4 e5 2. f4 d6 3. Nf3 Nd7 4. Bc4 c6 5. Nc3 exf4 6. d4 b5 7. Bb3 b4 8. Ne2 g5
9. O-O Ba6 10. Nxg5 Qxg5 11. Bxf7+ Kxf7 12. Bxf4 Qh5 13. Bxd6+ Ke8 14. Rxf8+
Nxf8 15. Qf1 Qf7 16. Qe1 Bxe2 17. Qxe2 Nd7 18. Rf1 Qg6 19. e5 Ne7 20. e6 Nf8
21. Rf7 Nf5 22. Qf3 Qxe6 23. Rxf5 Qe1+ 24. Qf1 Qxf1+ 25. Kxf1 Rd8 26. Bxb4 Rxd4
27. Bc3 c5 28. Bxd4 cxd4 29. Ra5 Ne6 30. Rxa7 Rf8+ 31. Ke1 h5 32. g3 Rf5 33.
Ke2 Rc5 34. Kd3 Rf5 35. Rh7 Kf8 36. b4 Rf3+ 37. Ke2 Ra3 38. Rxh5 Rxa2 39. Kd3
Rb2 40. Rb5 Kf7 41. Rb8 Kf6 42. b5 Ke5 43. b6 Rb1 44. c4 Rh1 45. Rh8 Rb1 46.
Rh5+ Kd6 47. Rb5 Rh1 48. b7 Nc5+ 49. Rxc5 Rb1 50. Rb5 Rxb5 51. cxb5 Kc7 52.
Kxd4 Kxb7 53. Kc5 1-0

[Event "Banff op"]
[Site "Banff CAN"]
[Date "2021.11.12"]
[Round "2.1"]
[White "Dorn, Paris"]
[Black "Benjamin, Joel"]
[Result "1/2-1/2"]
[WhiteElo "2141"]
[BlackElo "2640"]
[PlyCount "83"]
[EventDate "2021.11.12"]
[EventType "swiss"]
[EventRounds "6"]
[EventCountry "CAN"]

1. d4 Nf6 2. c4 Nc6 3. Nc3 e5 4. d5 Ne7 5. Nf3 Ng6 6. h4 h5 7. Bg5 Bc5 8. e3 d6
9. Nd2 Ne7 10. Bxf6 gxf6 11. Nce4 Nf5 12. Nxc5 dxc5 13. Ne4 Qe7 14. Qf3 Bd7 15.
Bd3 O-O-O 16. g3 Rh6 17. O-O-O Ng7 18. Qe2 Bf5 19. Qd2 Bxe4 20. Bxe4 f5 21. Bg2
Ra6 22. Kb1 Ne8 23. Qe2 Nd6 24. Qxh5 e4 25. Qe2 Rb6 26. a3 Qe5 27. Rc1 Rb3 28.
Ka2 Rd3 29. Qc2 b5 30. cxb5 Qxd5+ 31. Kb1 c4 32. Bf1 Qxb5 33. Bxd3 exd3 34. Qc3
Ne4 35. Qb4 Qa6 36. Ka2 d2 37. Rxc4 d1=Q 38. Rxd1 Rxd1 39. Qf8+ Rd8 40. Qxf7
Qa5 41. Qe6+ Rd7 42. Qe8+ 1/2-1/2

[Event "Banff op"]
[Site "Banff CAN"]
[Date "2021.11.12"]
[Round "2.2"]
[White "Chandra, Anand Rishi"]
[Black "Plotkin, Victor"]
[Result "0-1"]
[WhiteElo "2138"]
[BlackElo "1549"]
[PlyCount "96"]
[EventDate "2021.11.12"]
[EventType "swiss"]
[EventRounds "6"]
[EventCountry "CAN"]

1. e4 e5 2. Nf3 Nf6 3. Nxe5 d6 4. Nf3 Nxe4 5. d3 Nf6 6. d4 Bg4 7. Be2 Be7 8.
O-O O-O 9. h3 Be6 10. Bf4 c6 11. c3 Nbd7 12. Nbd2 Re8 13. Bd3 Nf8 14. Qc2 Nd5
15. Bh2 Ng6 16. Rfe1 Qd7 17. Bxg6 hxg6 18. c4 Nf6 19. Ng5 Bf5 20. Qb3 b6 21.
Ndf3 Bf8 22. Nh4 Rxe1+ 23. Rxe1 Re8 24. Qc3 Rxe1+ 25. Qxe1 Bc2 26. Nhf3 Qf5 27.
Qd2 Qd3 28. Qxd3 Bxd3 29. Nd2 d5 30. b3 Bb4 31. Ngf3 Nd7 32. Bf4 f6 33. h4 Kf7
34. g4 Bc3 35. cxd5 cxd5 36. Be3 Nb8 37. a4 Nc6 38. Kg2 Na5 39. Ne1 Be2 40.
Nef3 Bd1 41. Nb1 Bb2 42. b4 Nc4 43. Nbd2 Nxe3+ 44. fxe3 Bxa4 45. e4 Bc6 46. b5
Bxb5 47. exd5 a5 48. Ne4 Ke7 0-1

[Event "Banff op"]
[Site "Banff CAN"]
[Date "2021.11.12"]
[Round "2.3"]
[White "Ginsburg, Mark"]
[Black "Wang, Paul"]
[Result "0-1"]
[WhiteElo "2414"]
[BlackElo "2137"]
[PlyCount "143"]
[EventDate "2021.11.12"]
[EventType "swiss"]
[EventRounds "6"]
[EventCountry "CAN"]

1. e4 c5 2. Nf3 d6 3. d4 cxd4 4. Nxd4 Nf6 5. Nc3 e6 6. Be3 Be7 7. Be2 O-O 8.
O-O a6 9. f4 Nc6 10. Bf3 Qc7 11. Qe2 Nxd4 12. Bxd4 e5 13. fxe5 dxe5 14. Be3 Be6
15. Rfd1 Rac8 16. Rac1 Bc5 17. Qf2 Bxe3 18. Qxe3 Qc5 19. Qxc5 Rxc5 20. Rd2 g5
21. h3 h5 22. Rf1 Kg7 23. Bd1 Rh8 24. Rdf2 Rh6 25. Rf3 h4 26. Be2 Nh5 27. R3f2
Nf4 28. Bg4 Bxg4 29. hxg4 Rd6 30. Nd5 f6 31. c4 Nxd5 32. cxd5 Rc4 33. Re2 Rb6
34. b3 Rc3 35. Rf3 Rc1+ 36. Kf2 Kf7 37. Rd2 Ke7 38. Rfd3 Kd7 39. Rd1 Rc5 40.
R1d2 a5 41. Ke3 a4 42. Rf2 axb3 43. axb3 Rcb5 44. Rb2 Rb4 45. Rb1 Ra6 46. Rb2
Ra1 47. Rf2 Re1+ 48. Kd2 Rexe4 49. Rxf6 Rbd4 50. Rf7+ Kd6 51. Rxb7 Rxg4 52.
Rxd4 exd4 53. Kd3 Kxd5 54. Rd7+ Ke6 55. Rxd4 Rxg2 56. Rd8 Kf5 57. Ke3 Rg3+ 58.
Kf2 Rxb3 59. Rd5+ Kg4 60. Kg2 Rb2+ 61. Kg1 h3 62. Rd3 Kh4 63. Kh1 g4 64. Rd4
Rf2 65. Rb4 Kg5 66. Rb3 Rf3 67. Rb5+ Kh4 68. Rb4 Kg3 69. Rb1 Kf4 70. Rb4+ Kf5
71. Rb1 g3 72. Kg1 0-1

[Event "Banff op"]
[Site "Banff CAN"]
[Date "2021.11.12"]
[Round "2.4"]
[White "Ng, Gary"]
[Black "Booker, Brad"]
[Result "1-0"]
[WhiteElo "2368"]
[BlackElo "2123"]
[PlyCount "63"]
[EventDate "2021.11.12"]
[EventType "swiss"]
[EventRounds "6"]
[EventCountry "CAN"]

1. d4 Nf6 2. Bf4 d5 3. e3 e6 4. Nd2 c5 5. c3 Nc6 6. Ngf3 Bd6 7. Bg3 O-O 8. Bb5
Be7 9. Bd3 Bd7 10. Ne5 g6 11. h4 Nh5 12. Nxc6 Bxc6 13. Be5 f6 14. Bf4 Nxf4 15.
exf4 cxd4 16. cxd4 Qb6 17. h5 Qxd4 18. Qe2 e5 19. hxg6 e4 20. Qh5 Rf7 21. gxf7+
Kf8 22. Be2 Bc5 23. Rf1 Qxb2 24. Rb1 Qxa2 25. Qxh7 Rd8 26. Bh5 d4 27. Qf5 Bb6
28. Qxf6 e3 29. Qh6+ Ke7 30. Qg5+ Kf8 31. Qg8+ Ke7 32. f8=Q+ 1-0

[Event "Banff op"]
[Site "Banff CAN"]
[Date "2021.11.12"]
[Round "2.5"]
[White "Chen, Jeffrey"]
[Black "Dukic, Zachary"]
[Result "0-1"]
[WhiteElo "1977"]
[BlackElo "2359"]
[PlyCount "46"]
[EventDate "2021.11.12"]
[EventType "swiss"]
[EventRounds "6"]
[EventCountry "CAN"]

1. e4 c5 2. Nc3 Nc6 3. g3 g6 4. Bg2 Bg7 5. d3 d6 6. Nh3 e5 7. O-O Nge7 8. f4 h5
9. Ng5 h4 10. g4 exf4 11. Bxf4 f6 12. Nh3 g5 13. Bd2 Ne5 14. Nf2 h3 15. Bf3 Be6
16. Ne2 Nxf3+ 17. Kh1 Ne5 18. Ng3 Qd7 19. Nh5 N7g6 20. c3 O-O 21. d4 Bxg4 22.
Nxg4 Qxg4 23. dxe5 Qg2# 0-1

[Event "Banff op"]
[Site "Banff CAN"]
[Date "2021.11.12"]
[Round "2.6"]
[White "Gedajlovic, Max"]
[Black "Prince, Colin"]
[Result "1-0"]
[WhiteElo "2329"]
[BlackElo "2007"]
[PlyCount "79"]
[EventDate "2021.11.12"]
[EventType "swiss"]
[EventRounds "6"]
[EventCountry "CAN"]

1. d4 Nf6 2. Nf3 d5 3. e3 e6 4. Bd3 Bd6 5. b3 Nbd7 6. Bb2 Ne4 7. O-O f5 8. c4
c6 9. Ba3 Qe7 10. Bxd6 Qxd6 11. Qc1 O-O 12. Qa3 Qc7 13. Qb2 Rf6 14. Nc3 Rh6 15.
Ne2 g5 16. Ne5 Nf8 17. f3 Nf6 18. b4 Ng6 19. Rac1 Qg7 20. b5 Bd7 21. cxd5 Nxd5
22. bxc6 Bxc6 23. Nxc6 bxc6 24. Rxc6 Nxe3 25. Rfc1 Nd5 26. Rxe6 Ngf4 27. Nxf4
Nxf4 28. Rxh6 Nxd3 29. Qb3+ Kh8 30. Qxd3 Qxh6 31. Qxf5 Re8 32. Rc8 Rxc8 33.
Qxc8+ Kg7 34. Qb7+ Kg8 35. Qb8+ Kg7 36. Qxa7+ Kg8 37. Qb8+ Kg7 38. Qe5+ Kg8 39.
h3 Qg6 40. d5 1-0

[Event "Banff op"]
[Site "Banff CAN"]
[Date "2021.11.12"]
[Round "2.7"]
[White "Malek, Omid"]
[Black "Pivovarov, Juraj"]
[Result "1-0"]
[WhiteElo "2305"]
[BlackElo "1987"]
[PlyCount "65"]
[EventDate "2021.11.12"]
[EventType "swiss"]
[EventRounds "6"]
[EventCountry "CAN"]

1. d4 f5 2. Bf4 d5 3. e3 Nf6 4. Nd2 e6 5. Ngf3 Bd6 6. Ne5 O-O 7. Be2 Bd7 8. a3
Be8 9. c4 c6 10. Qb3 b6 11. O-O Bxe5 12. Bxe5 Ng4 13. Bxg4 fxg4 14. e4 Bf7 15.
Qg3 h5 16. f3 Qg5 17. Rf2 Nd7 18. Bd6 Rfe8 19. fxg4 e5 20. Raf1 Bg6 21. cxd5
cxd5 22. Qb3 exd4 23. Nf3 Qe3 24. Qxd5+ Kh8 25. gxh5 Bxe4 26. Qxd4 Bxf3 27.
Qxe3 Rxe3 28. Rxf3 Re2 29. b4 Rc8 30. Rf7 Nf6 31. h6 Ne4 32. hxg7+ Kg8 33. Be5
1-0

[Event "Banff op"]
[Site "Banff CAN"]
[Date "2021.11.12"]
[Round "2.8"]
[White "Wu, Nathan"]
[Black "MacKinnon, Keith"]
[Result "0-1"]
[WhiteElo "1868"]
[BlackElo "2259"]
[PlyCount "42"]
[EventDate "2021.11.12"]
[EventType "swiss"]
[EventRounds "6"]
[EventCountry "CAN"]

1. d4 Nf6 2. Bf4 e6 3. e3 c5 4. Nf3 Nc6 5. c3 d5 6. Nbd2 cxd4 7. exd4 Nh5 8.
Bg5 f6 9. Bh4 Bd6 10. Ne5 g6 11. Bb5 Qb6 12. Bxc6+ bxc6 13. g4 Nf4 14. Bxf6 O-O
15. Ndc4 dxc4 16. Nxc4 Qb8 17. Be5 Bxe5 18. dxe5 Ba6 19. b3 Bxc4 20. bxc4 Ng2+
21. Ke2 Qb2+ 0-1

[Event "Banff op"]
[Site "Banff CAN"]
[Date "2021.11.12"]
[Round "2.9"]
[White "Miller, David"]
[Black "Su, Ethan"]
[Result "1-0"]
[WhiteElo "2224"]
[BlackElo "1953"]
[PlyCount "63"]
[EventDate "2021.11.12"]
[EventType "swiss"]
[EventRounds "6"]
[EventCountry "CAN"]

1. e4 c5 2. Nf3 d6 3. d4 cxd4 4. Nxd4 Nf6 5. Nc3 a6 6. Bg5 e6 7. f4 Be7 8. Qf3
h6 9. Bh4 Nbd7 10. O-O-O Qc7 11. Be2 O-O 12. Qg3 b5 13. Bf3 Rb8 14. e5 dxe5 15.
fxe5 Nxe5 16. Nc6 b4 17. Nxe7+ Qxe7 18. Qxe5 Bb7 19. Ne4 Bxe4 20. Bxf6 gxf6 21.
Qxe4 f5 22. Qf4 Kh7 23. Rhe1 Qc5 24. Qe5 Qc4 25. b3 Qc8 26. Be2 Rb6 27. Bc4 Rc6
28. Rd4 f6 29. Qe2 e5 30. Rh4 Rg8 31. Bxg8+ Qxg8 32. Qh5 1-0

[Event "Banff op"]
[Site "Banff CAN"]
[Date "2021.11.12"]
[Round "2.10"]
[White "Offengenden, Ron"]
[Black "Haessel, Dale"]
[Result "0-1"]
[WhiteElo "1759"]
[BlackElo "2216"]
[PlyCount "78"]
[EventDate "2021.11.12"]
[EventType "swiss"]
[EventRounds "6"]
[EventCountry "CAN"]

1. e4 e5 2. Nf3 Nc6 3. Bc4 Nf6 4. d3 Bc5 5. h3 d6 6. Be3 Bxe3 7. fxe3 Na5 8.
Bb3 Nxb3 9. axb3 O-O 10. Nc3 d5 11. Nxd5 Nxd5 12. exd5 Qxd5 13. e4 Qc5 14. Qd2
f6 15. O-O-O Be6 16. d4 exd4 17. Nxd4 Bf7 18. Qe3 Qe5 19. Rhe1 Rad8 20. Rd3
Rfe8 21. Nf5 Rxd3 22. Qxd3 Qa5 23. Qg3 Bg6 24. c3 Bxf5 25. exf5 Qa1+ 26. Kd2
Qxb2+ 27. Kd3 Rd8+ 28. Kc4 b5+ 29. Kb4 a5+ 30. Kc5 Qxb3 31. Qxc7 Qxc3+ 32. Kb6
Qxc7+ 33. Kxc7 Rd5 34. g4 b4 35. Re8+ Kf7 36. Rb8 Rd3 37. Kc6 h5 38. g5 fxg5
39. Rb7+ Kf6 0-1

[Event "Banff op"]
[Site "Banff CAN"]
[Date "2021.11.12"]
[Round "2.11"]
[White "Zacharias, Nicholas"]
[Black "Xu, Eddie"]
[Result "0-1"]
[WhiteElo "1591"]
[BlackElo "2208"]
[PlyCount "34"]
[EventDate "2021.11.12"]
[EventType "swiss"]
[EventRounds "6"]
[EventCountry "CAN"]

1. e4 e5 2. f4 Bc5 3. Nf3 d6 4. c3 Nc6 5. d4 exd4 6. cxd4 Bb6 7. Nc3 Nf6 8. e5
dxe5 9. fxe5 Nxd4 10. exf6 O-O 11. Nxd4 Bxd4 12. Nb5 Bf2+ 13. Kxf2 Qxd1 14.
fxg7 Re8 15. h3 Qc2+ 16. Kg3 Re1 17. Nd4 Qc5 0-1

[Event "Banff op"]
[Site "Banff CAN"]
[Date "2021.11.12"]
[Round "2.12"]
[White "Plotkin, Mark"]
[Black "Dunne, Eoin"]
[Result "1-0"]
[WhiteElo "2549"]
[BlackElo "1546"]
[PlyCount "47"]
[EventDate "2021.11.12"]
[EventType "swiss"]
[EventRounds "6"]
[EventCountry "CAN"]

1. c4 e6 2. Nf3 Nf6 3. d4 d5 4. g3 Nbd7 5. Bg2 c6 6. O-O Bd6 7. Qc2 O-O 8. Nbd2
Re8 9. e4 e5 10. cxd5 cxd5 11. exd5 Nxd5 12. Nc4 Bc7 13. dxe5 Nxe5 14. Nfxe5
Bxe5 15. Rd1 Bc7 16. Bxd5 Qf6 17. Be3 Rb8 18. Bxa7 Ra8 19. Bd4 Qh6 20. Ne3 Bd6
21. Rac1 Bh3 22. Bxb7 Ra5 23. Qc6 Qe6 24. Bb6 1-0

[Event "Banff op"]
[Site "Banff CAN"]
[Date "2021.11.12"]
[Round "2.13"]
[White "Cummings, David"]
[Black "McLeod, Logan"]
[Result "1-0"]
[WhiteElo "2416"]
[BlackElo "1912"]
[PlyCount "84"]
[EventDate "2021.11.12"]
[EventType "swiss"]
[EventRounds "6"]
[EventCountry "CAN"]

1. c4 Nf6 2. Nc3 e6 3. e4 d5 4. cxd5 exd5 5. e5 Ng8 6. d4 Ne7 7. Nf3 Ng6 8. h4
Be7 9. h5 Nh4 10. Nxh4 Bxh4 11. Bd3 c6 12. Be3 h6 13. g3 Be7 14. f4 Na6 15. Qf3
Nb4 16. Bb1 a5 17. a3 Na6 18. O-O f5 19. Qg2 Be6 20. g4 Qd7 21. Ne2 O-O-O 22.
Ng3 fxg4 23. f5 Bg8 24. Ne2 Kb8 25. Qxg4 Bh7 26. Bd3 Ka7 27. Rf2 Qc8 28. Rg2
Bf8 29. Rc1 Re8 30. Nf4 Qd8 31. Qe2 Nb8 32. Ne6 Qe7 33. Qd2 b6 34. Qc2 Qf7 35.
Nf4 Be7 36. Ng6 Rhg8 37. b4 Bd8 38. b5 Bxg6 39. hxg6 Qe7 40. bxc6 Bc7 41. Qb3
Qd8 42. Bf2 Rh8 1-0

[Event "Banff op"]
[Site "Banff CAN"]
[Date "2021.11.12"]
[Round "2.14"]
[White "Khodjimatov, Sherzod"]
[Black "Tolentino, Patrick"]
[Result "0-1"]
[WhiteElo "2183"]
[BlackElo "1936"]
[PlyCount "111"]
[EventDate "2021.11.12"]
[EventType "swiss"]
[EventRounds "6"]
[EventCountry "CAN"]

1. e4 c6 2. Nc3 d5 3. Nf3 Bg4 4. h3 Bxf3 5. Qxf3 e6 6. d4 Nf6 7. Be3 Bb4 8.
exd5 Nxd5 9. Bd2 Nxc3 10. bxc3 Bd6 11. Rb1 Qc7 12. Bd3 Nd7 13. Qg4 g6 14. Qf3
e5 15. g4 f6 16. Kf1 O-O-O 17. h4 Rde8 18. h5 g5 19. h6 Re7 20. Kg2 Rhe8 21.
Rhe1 Rf8 22. Be4 Rff7 23. Rb3 Nb6 24. Reb1 Qd8 25. Qd3 c5 26. Qf3 Qe8 27. dxc5
Bxc5 28. Rb5 Rc7 29. a4 Qd8 30. Be3 Bxe3 31. Qxe3 Kb8 32. Qf3 Qc8 33. Bf5 Qe8
34. a5 Nc4 35. a6 Nd6 36. Rd5 Nxf5 37. Qxf5 Qc6 38. c4 Rfd7 39. Kh2 Rxd5 40.
cxd5 Qxa6 41. Rd1 Qe2 42. Rc1 Qd2 43. Rf1 Rxc2 44. d6 Qf4+ 45. Qxf4 gxf4 46.
Rd1 Kc8 47. d7+ Kd8 48. Kg2 Rc7 49. Rd6 Rc6 50. Rd5 Rc7 51. Rd6 Rc6 52. Rd5 a6
53. Kf3 b5 54. Ke4 b4 55. Rd1 b3 56. Kd5 0-1